01171 am a22003138a 4500001001000000003000400010005001700014008004100031020001500072040001100087082001900098100004300117245011200160250001200272260005900284300003700343490002700380500002400407500002300431504004100454650005500495653002500550655002400575690004400599700005700643942001900700999001700719952012100736011338339OSt20140302112857.0900328s1990 xxkak grb 001 0 eng d a0631172025 aUkcUk04a330.9222bDAV1 aDavis, John,d1923 September 7-93503910aGreening business :bmanaging for sustainable development /cJohn Davis ; with a foreword by Ronnie Lessem. a1st ed. aOxford, United Kingdom :bBasil Blackwell Ltd.,c1991. a215 p. :bchart, forms ;c26 cm.0 aDevelopment management aIndex : p. 208-215. aIncludes appendix. aIncludes bibliographical references. 0aEconomic development xEnvironmental aspects94783 bBUSADMcFebruary2014 vreading book9342327 aManagement and Business Studies2blcoll1 935040a Lessem, Ronnieeauthor of introduction, etc. 2ddck330.9 DAV c18014d17986 00102ddc40708Donation-GaMAINbMAINc1STd2014-02-03eDonationl0o330.9 DAVp000035568r2025-07-15 00:00:00yBB